| 000 | 00579nam a22001337a 4500 | ||
|---|---|---|---|
| 020 | _a978-1-4063-0185-4 | ||
| 082 |
_a823 _bMCD/J |
||
| 100 | _aMCDONALD, MEGAN | ||
| 245 |
_aJUDY MOODY _bAROUND THE WORLD IN 81/2 DAYS |
||
| 260 | _bMC DONAD, MEGAN | ||
| 300 | _a165 | ||
| 520 | _asummary: Judy Moody and her class, along with another class, join together to "go around the world in 8 days". They are each assigned a country and are put in groups to present projects over the next 8 days in class. Judy Moody makes a new friend, Amy Vamey, and her friends get jealous. | ||
| 942 | _cBK | ||
| 999 |
_c6301 _d6301 |
||